00952cam a2200313 a 4500001000400000003000600004005001700010008004100027010001700068020002000085020002200105040001800127042000900145050002500154082001200179100001900191245007700210260003100287300004600318440002600364505000600390520010100396521001800497521001800515650002400533650003200557650001900589700003000608337FISKH20230324165527.0981116s2000 nyua b 000 1 eng  a 98051134  a0670885568 (hc) a014130488X (pbk.) aDLCcDLCdDLC alcac00aPZ7.M515916bTg 200000a[E]2211 aMeister, Cari.10aTiny goes to the library /cby Cari Meister ; illustrated by Rich Davis. aNew York :bViking.c2000. a16 leaves of plates.bcol. ill. ;c23 cm. 2aPenguin Young Readers aD aTiny the dog is a big help at the library when his owner takes out too many books to carry home. a200 bLexile aD bRaz-Plus 1aLibrariesxFiction. 1aBooks and readingxFiction. 1aDogsxFiction.1 aDavis, Rich,d1958-eill.